| 000 | 00000nam 2200000za 4500 |
| 001 | 9.816849 |
| 003 | CaOODSP |
| 005 | 20221107142337 |
| 007 | cr ||||||||||| |
| 008 | 160504s1996 onc |o f|0| 0 eng d |
| 020 | |z0-660-15599-0 |
| 040 | |aCaOODSP|beng |
| 043 | |an-cn--- |
| 086 | 1 |aCS89-547/1996E-PDF |
| 100 | 1 |aNormand, Josée,|d1964- |
| 245 | 12|aA profile of the Métis |h[electronic resource] : |btarget groups project / |cJosée Normand. |
| 260 | |aOttawa : |bStatistics Canada, |c1996. |
| 300 | |a68 p. : |btables. |
| 500 | |aIssued also in French under title: Un profil des Métis : projet des groupes cibles. |
| 500 | |aDigitized edition from print [produced by Statistics Canada]. |
| 500 | |a"September 1996." |
| 692 | 07|2gccst|aMétis |
| 710 | 2 |aStatistics Canada. |
| 775 | 08|tUn profil des Métis |w(CaOODSP)9.816851 |
| 856 | 40|qPDF|s10.87 MB|uhttps://publications.gc.ca/collections/collection_2016/statcan/CS89-547-1996-eng.pdf |